00442nam a2200169Ia 4500003000400000005001700004008004100021020001800062040000600080041001200086082002400098100006700122245003400189260002500223300001500248650000900263OSt20250109165117.0231217s9999 xx 000 0 und d a9780072118626 c0 aEnglish a001.6424UNI ROS;42 aRosen, Kenneth H. Host, Douglas A. Farber, James M ...[et al.] 0aUnix : the complete reference c1999bTMHaNew Delhi axlii, 1302 aUnix